000 00402pab a2200169 454500
008 180718b1962 xxu||||| |||| 00| 0 eng d
100 _aDubhashi, P.R.
245 _aPanchayati Raj personnel
260 _c1962
300 _ap.531-549.
362 _aOct-Dec
650 _aPersonnel
650 _aPanchayat
773 _aIndian Journal of Public Administration
908 _aN
909 _a100441
999 _c100440
_d100440